000 00544nam a2200181 a 4500
005 20240925070037.0
008 991125s1965 mx 000 0 spa u
035 _aUPN01000005213
049 _aCG
050 4 _aBD232
_bB5.28
100 1 _aBlanché, Robert
245 1 3 _aLa axiomática /
_cRoberto Blanché ; tr. Federico Osorio Altúzar.
260 _aMéxico :
_bUNAM, Centro de Estudios Filosóficos,
_c1965.
300 _a88 p.
440 0 _aCuadernos del Centro de Estudios Filosóficos ;
_v21
650 4 _aValores
_9308
905 _aLibro
999 _c5213
_d5213